عرض عادي
عرض مارك
- Magnetic Resonance Imaging
مدخل مصطلح موضوعي
001 - رقم الضبط
- حقل الضبط: 56093
003 - معرف رقم الضبط
- حقل الضبط: OSt
005 - تاريخ ووقت أخر عملية
- حقل الضبط: 20160724092516.0
008 - عناصر بيانات ثابتة الطول
- حقل تحكم ثابت الطول: 160724|| aca||aabn | a|a d
040 ## - مصدر الفهرسة
- هيئة الفهرسة الأصلية: OSt
- وكالة الكتابة: OSt
150 ## - مدخل-- مصطلح تاريخي
- عنصر مدخل المصطلح الموضوعي او الاسم الجغرافي: Magnetic Resonance Imaging
- تفريع عام: methods.
670 ## - بيانات المصدر موجوده
- الاستشهاد بالمصدر: Work cat.: (OSt)0: Color atlas and synopsis of cardiovascular MR and CT /, c2014.
